| 000 | 02254nam a2200265 i 4500 | ||
|---|---|---|---|
| 003 | CSPC | ||
| 005 | 20251105123427.0 | ||
| 007 | ta | ||
| 008 | 231121s2021 ph a m 000 0beng | ||
| 090 | _aUTH BSOA Ag939f | ||
| 100 |
_aAguinillo, Soledad Y. _dauthor. |
||
| 245 |
_aFactors that affect online transactions of entrepreneurs in Buhi, Camarines Sur / _cSoledad Y. Aguinillo. |
||
| 264 |
_a Buhi, Camarines Sur : _bCamarines Sur Polytechnic Colleges, _c2021. |
||
| 300 | _a62 leaves : | ||
| 502 |
_aUndergraduate Thesis (BSOA)- Office Administration _cCamarines Sur Polytechnic Colleges, 2021. |
||
| 520 | _aThis research determined perception towards the factors that affect the online transactions of entrepreneurs in Buhi, Camarines Sur. This study used a descriptive online survey involving a sample of 30 respondents. Research findings indicated that the majority of the respondents are in their adulthood where most of them are in 20-25 years old entrepreneur and most of them are female. Entrepreneurs used different applications when it comes to online selling like Lazada, Shopee and Facebook. Location, financial and internet connectivity were the factors that affect the online transactions of entrepreneurs. Entrepreneurs adapt online transaction mostly because it is convenient, less stress and time saving. Majority of the entrepreneurs rated "excellent" when it comes to their experiences in using online shopping/ e-purchase. In addition, majority of the respondents rated "very good" when it comes to satisfaction of the quality of the purchase product. Thus, conduct some seminar on what safety and threats are there in online transactions in order for the entrepreneurs to be aware of. Provide legitimate and necessary information given the assurance that confidential information shouldn't be disclosed outside the parameter of transaction. | ||
| 700 |
_aCresencio, Albert V., _eauthor. |
||
| 700 |
_aNealiga, Jane O., _eauthor. |
||
| 720 |
_aOliveros, Josefin N., _eadviser. |
||
| 720 |
_aInfante, Leonisa O., _epanelist, chair. |
||
| 720 |
_aVillar, Mariber M., _epanelist. |
||
| 720 |
_aRosal, Jhomer I., _epanelist. |
||
| 942 |
_2ddc _n0 _cUM _hAg939f _iUTH _kBSOA _m2021 |
||
| 999 |
_c26581 _d26581 |
||